Capitali mondiali per prima e ultima lettera - Statistics

Statistiche generali
  • Questo quiz è stato fatto 152 volte
  • Il punteggio medio è 5 su 10
Statistiche sulle risposte
Prima Lettera Capitale Ultima lettera % Corretto
A Amsterdam M
81%
R Roma A
66%
R Reykjavik K
64%
V Vilnius S
64%
K Kabul L
49%
A Antananarivo O
45%
B Buenos Aires S
43%
C Chisinau U
24%
L Lussemburgo O
19%
G Georgetown N
17%
Nessun quiz corrispondente trovato
Distribuzione punteggi
Percentuale di utenti per punteggio
Percentile per numero di risposta
I tuoi punteggi nel tempo
Non hai fatto questo quiz